000 00396nam a2200181Ia 4500
001 3068
005 20260306144853.0
008 260306t1992||||xx |||||||||||||| ||spa||
041 _aESP
082 _a248.8
_bP23
100 _aPangrazzi, Arnaldo.
_eAUT
245 0 _aEl duelo texto impreso
260 _c1992
300 _a
_c
650 _aGEN
654 _aCHU
942 _cLIB
_dJUS
_fJUS
_2ddc
_n
999 _c3068
_d3068